[Event "WCO 2016"]
[Site "?"]
[Date "2016.09.13"]
[Round "11"]
[Board "15"]
[WhiteID "2401533"]
[White "Gourlay Iain"]
[BlackID "5300150"]
[Black "Kassis Antoine"]
[Result "1-0"]
[BlackElo "2142"]
[WhiteElo "2393"]
[LiveChessVersion "1.4.8"]

1. Nf3 {[%clk 1:30:54]} g6 {[%clk 1:30:44]} 2. c4 {[%clk 1:30:40]} Bg7
{[%clk 1:30:51]} 3. g3 {[%clk 1:30:20]} d6 {[%clk 1:30:12]} 4. Nc3
{[%clk 1:26:09]} c5 {[%clk 1:29:56]} 5. d4 {[%clk 1:18:42]} Nc6 {[%clk 1:24:46]}
6. dxc5 {[%clk 1:10:57]} Bxc3+ {[%clk 1:15:27]} 7. bxc3 {[%clk 1:11:10]} dxc5
{[%clk 1:14:57]} 8. Qxd8+ {[%clk 1:09:48]} Nxd8 {[%clk 1:14:58]} 9. Bg2
{[%clk 1:06:49]} Be6 {[%clk 0:59:46]} 10. Ne5 {[%clk 0:43:07]} Rc8
{[%clk 0:45:25]} 11. Be3 {[%clk 0:39:29]} b6 {[%clk 0:38:44]} 12. a4
{[%clk 0:34:08]} f6 {[%clk 0:37:03]} 13. Nd3 {[%clk 0:33:14]} Bxc4
{[%clk 0:37:18]} 14. a5 {[%clk 0:32:30]} e6 {[%clk 0:14:34]} 15. O-O
{[%clk 0:22:23]} Ne7 {[%clk 0:14:11]} 16. Rfb1 {[%clk 0:22:10]} b5
{[%clk 0:07:07]} 17. Nxc5 {[%clk 0:16:32]} Nf5 {[%clk 0:01:15]} 18. Ne4
{[%clk 0:14:33]} Nxe3 {[%clk 0:00:32]} 19. Nd6+ {[%clk 0:13:45]} Kd7
{[%clk 0:00:52]} 20. Nxc8 {[%clk 0:14:06]} Nxg2 21. Nxa7 {[%clk 0:13:27]} Bxe2
{[%clk 0:00:43]} 22. Kxg2 {[%clk 0:13:05]} Nc6 {[%clk 0:00:54]} 23. Nxb5
{[%clk 0:12:24]} Ra8 {[%clk 0:01:11]} 24. Nd4 {[%clk 0:10:25]} Nxd4
{[%clk 0:01:12]} 25. cxd4 {[%clk 0:10:38]} Ba6 {[%clk 0:01:27]} 26. Rb6
{[%clk 0:10:00]} Ra7 {[%clk 0:01:40]} 27. Rab1 {[%clk 0:07:43]} Ra8
{[%clk 0:00:50]} 28. Rb8 {[%clk 0:04:48]} Ra7 {[%clk 0:01:13]} 29. Rh8
{[%clk 0:04:52]} Kd6 {[%clk 0:00:56]} 30. Rb6+ {[%clk 0:04:49]} Kd5
{[%clk 0:01:21]} 31. Rd8+ {[%clk 0:05:06]} Kc4 {[%clk 0:01:40]} 32. Rxe6
{[%clk 0:05:18]} Bb7+ {[%clk 0:02:01]} 33. f3 {[%clk 0:04:17]} Rxa5
{[%clk 0:02:23]} 34. Rxf6 {[%clk 0:02:56]} Bd5 {[%clk 0:02:31]} 35. g4
{[%clk 0:02:52]} Kxd4 {[%clk 0:02:47]} 36. Rd7 {[%clk 0:02:38]} Ke5
{[%clk 0:02:58]} 37. g5 {[%clk 0:02:20]} h5 {[%clk 0:02:34]} 38. Re7+
{[%clk 0:02:20]} Kd4 {[%clk 0:03:00]} 39. Rxg6 {[%clk 0:02:13]} Ra2+
{[%clk 0:03:24]} 40. Kg3 {[%clk 0:32:20]} h4+ {[%clk 0:33:46]} 1-0

[Event "WCO 2016"]
[Site "?"]
[Date "2016.09.13"]
[Round "11"]
[Board "16"]
[WhiteID "5300401"]
[White "Abdulaziz Mahmoud"]
[BlackID "2400650"]
[Black "Berry Neil"]
[Result "0-1"]
[BlackElo "2315"]
[WhiteElo "2123"]
[LiveChessVersion "1.4.8"]

1. c4 {[%clk 1:30:56]} e5 {[%clk 1:30:40]} 2. g3 {[%clk 1:31:16]} Nf6
{[%clk 1:30:47]} 3. Bg2 {[%clk 1:31:44]} c6 {[%clk 1:30:57]} 4. b3
{[%clk 1:30:20]} d5 {[%clk 1:30:11]} 5. Bb2 {[%clk 1:29:53]} Bd6 {[%clk 1:27:07]}
6. d3 {[%clk 1:29:18]} O-O {[%clk 1:24:19]} 7. Nd2 {[%clk 1:28:51]} Re8
{[%clk 1:22:52]} 8. Qc2 {[%clk 1:19:23]} Nbd7 {[%clk 1:13:17]} 9. e4
{[%clk 1:03:15]} Nc5 {[%clk 0:46:34]} 10. O-O-O {[%clk 0:47:35]} a5
{[%clk 0:45:11]} 11. f4 {[%clk 0:43:34]} Ng4 {[%clk 0:36:42]} 12. Nf1
{[%clk 0:40:02]} exf4 {[%clk 0:29:58]} 13. e5 {[%clk 0:33:01]} Nxe5
{[%clk 0:18:24]} 14. d4 {[%clk 0:26:33]} f3 {[%clk 0:17:41]} 15. Nxf3
{[%clk 0:19:44]} Nxf3 {[%clk 0:17:38]} 16. dxc5 {[%clk 0:19:24]} Qg5+
{[%clk 0:17:36]} 17. Nd2 {[%clk 0:19:21]} Bf5 {[%clk 0:15:32]} 18. Qc3
{[%clk 0:19:49]} Nxd2 {[%clk 0:14:32]} 19. Qxd2 {[%clk 0:19:27]} Qxd2+
{[%clk 0:14:39]} 20. Kxd2 {[%clk 0:19:13]} Bxc5 {[%clk 0:14:52]} 21. Rhe1
{[%clk 0:16:42]} dxc4 {[%clk 0:14:44]} 22. Rxe8+ {[%clk 0:16:27]} Rxe8
{[%clk 0:15:10]} 23. Bf3 {[%clk 0:14:32]} Rd8+ {[%clk 0:10:08]} 24. Ke1
{[%clk 0:13:37]} Bb4+ {[%clk 0:10:01]} 25. Kf2 {[%clk 0:13:56]} Rxd1
{[%clk 0:10:08]} 26. Bxd1 {[%clk 0:14:25]} cxb3 {[%clk 0:08:10]} 27. axb3
{[%clk 0:14:53]} f6 {[%clk 0:07:52]} 28. Ke3 {[%clk 0:15:16]} Kf7
{[%clk 0:07:00]} 29. g4 {[%clk 0:15:35]} Be6 {[%clk 0:07:06]} 30. h4
{[%clk 0:15:57]} c5 {[%clk 0:05:12]} 31. g5 {[%clk 0:16:16]} fxg5
{[%clk 0:04:32]} 32. hxg5 {[%clk 0:16:43]} c4 {[%clk 0:03:37]} 33. bxc4
{[%clk 0:17:06]} Bxc4 {[%clk 0:04:02]} 34. Kd4 {[%clk 0:16:56]} Be6
{[%clk 0:04:10]} 35. Bc2 {[%clk 0:17:00]} b5 {[%clk 0:02:33]} 36. Ke5
{[%clk 0:16:26]} Bd2 {[%clk 0:01:55]} 37. Bxh7 {[%clk 0:16:31]} Bxg5
{[%clk 0:02:04]} 38. Kd6 {[%clk 0:14:38]} a4 {[%clk 0:01:33]} 39. Kc5
{[%clk 0:14:48]} a3 {[%clk 0:01:33]} 40. Ba1 {[%clk 0:44:43]} a2 {[%clk 0:31:46]}
41. Kxb5 {[%clk 0:44:39]} Bf6 {[%clk 0:32:06]} 0-1

[Event "WCO 2016"]
[Site "?"]
[Date "2016.09.13"]
[Round "11"]
[Board "17"]
[WhiteID "6700284"]
[White "Arias Lemnys A."]
[BlackID "8500037"]
[Black "Kigigha Bomo"]
[Result "0-1"]
[BlackElo "2340"]
[WhiteElo "2305"]
[LiveChessVersion "1.4.8"]

1. e4 {[%clk 1:30:29]} c5 {[%clk 1:30:56]} 2. Nf3 {[%clk 1:30:56]} Nc6
{[%clk 1:31:25]} 3. d4 {[%clk 1:31:02]} cxd4 {[%clk 1:31:54]} 4. Nxd4
{[%clk 1:31:31]} Qb6 {[%clk 1:32:18]} 5. Nb3 {[%clk 1:31:49]} Nf6
{[%clk 1:32:43]} 6. Nc3 {[%clk 1:30:31]} e6 {[%clk 1:33:09]} 7. Bd3
{[%clk 1:30:25]} Bb4 {[%clk 1:29:15]} 8. O-O {[%clk 1:30:51]} Bxc3
{[%clk 1:29:32]} 9. bxc3 {[%clk 1:31:19]} O-O {[%clk 1:29:52]} 10. c4
{[%clk 1:31:22]} d6 {[%clk 1:27:03]} 11. Be3 {[%clk 1:28:26]} Qc7
{[%clk 1:27:23]} 12. f4 {[%clk 1:28:54]} b6 {[%clk 1:26:41]} 13. g4
{[%clk 1:19:48]} d5 {[%clk 1:16:00]} 14. e5 {[%clk 0:57:18]} dxc4
{[%clk 1:15:44]} 15. Bxc4 {[%clk 0:53:39]} Rd8 {[%clk 1:16:09]} 16. Qf3
{[%clk 0:54:04]} Bb7 {[%clk 1:16:20]} 17. Qe2 {[%clk 0:49:01]} Ne4
{[%clk 1:11:18]} 18. Bd3 {[%clk 0:44:27]} Nc3 {[%clk 1:05:08]} 19. Qe1
{[%clk 0:40:55]} Nxe5 {[%clk 0:58:02]} 20. fxe5 {[%clk 0:37:06]} Qc6
{[%clk 0:58:24]} 21. Qd2 {[%clk 0:33:49]} Qh1+ {[%clk 0:58:46]} 22. Kf2
{[%clk 0:34:11]} Ne4+ {[%clk 0:59:11]} 23. Bxe4 {[%clk 0:31:40]} Qxh2+
{[%clk 0:51:17]} 24. Kf3 {[%clk 0:30:23]} Bxe4+ {[%clk 0:48:55]} 25. Kxe4
{[%clk 0:30:18]} Rxd2 {[%clk 0:49:21]} 26. Nxd2 {[%clk 0:30:40]} Qg2+
{[%clk 0:49:43]} 27. Kf4 {[%clk 0:30:20]} h6 {[%clk 0:49:58]} 28. Bf2
{[%clk 0:29:30]} g5+ {[%clk 0:44:24]} 29. Ke3 {[%clk 0:29:32]} Qxg4
{[%clk 0:44:50]} 30. Be1 {[%clk 0:27:48]} Rc8 {[%clk 0:39:08]} 31. Ne4
{[%clk 0:05:27]} Kg7 {[%clk 0:31:20]} 32. Nd6 {[%clk 0:02:11]} Rc5
{[%clk 0:29:32]} 33. Ne4 {[%clk 0:00:43]} Rc4 {[%clk 0:26:44]} 0-1

[Event "WCO 2016"]
[Site "?"]
[Date "2016.09.13"]
[Round "11"]
[Board "18"]
[WhiteID "8504580"]
[White "Anwuli Daniel "]
[BlackID "6702309"]
[Black "Giron Jorge Ernesto"]
[Result "0-1"]
[BlackElo "2208"]
[WhiteElo "2336"]
[LiveChessVersion "1.4.8"]

1. c4 {[%clk 1:30:55]} e5 {[%clk 1:30:29]} 2. g3 {[%clk 1:31:21]} Nc6
{[%clk 1:30:45]} 3. Nc3 {[%clk 1:31:47]} Bc5 {[%clk 1:31:01]} 4. Nf3
{[%clk 1:31:43]} d6 {[%clk 1:30:59]} 5. Bg2 {[%clk 1:31:14]} a6 {[%clk 1:30:51]}
6. O-O {[%clk 1:31:26]} Nge7 {[%clk 1:31:00]} 7. e3 {[%clk 1:30:56]} Ba7
{[%clk 1:31:25]} 8. h3 {[%clk 1:25:35]} O-O {[%clk 1:25:39]} 9. d4
{[%clk 1:23:05]} exd4 {[%clk 1:22:48]} 10. exd4 {[%clk 1:22:12]} Nf5
{[%clk 1:23:12]} 11. d5 {[%clk 1:19:33]} Ne5 {[%clk 1:23:15]} 12. Nxe5
{[%clk 1:19:59]} dxe5 {[%clk 1:23:42]} 13. Kh2 {[%clk 1:19:13]} Re8
{[%clk 1:20:58]} 14. Qd3 {[%clk 1:14:16]} Nd4 {[%clk 1:19:43]} 15. Be3
{[%clk 1:07:59]} Bf5 {[%clk 1:12:53]} 16. Ne4 {[%clk 1:04:22]} Bg6
{[%clk 1:11:12]} 17. f4 {[%clk 0:49:26]} f5 {[%clk 0:50:38]} 18. fxe5
{[%clk 0:49:34]} fxe4 {[%clk 0:50:46]} 19. Bxe4 {[%clk 0:49:54]} Nc6
{[%clk 0:45:17]} 20. Bxg6 {[%clk 0:48:59]} Nxe5 {[%clk 0:45:31]} 21. Bxh7+
{[%clk 0:48:29]} Kh8 {[%clk 0:46:01]} 22. Qe2 {[%clk 0:32:29]} Bxe3
{[%clk 0:45:22]} 23. Bc2 {[%clk 0:32:49]} Qd6 {[%clk 0:40:49]} 24. Rae1
{[%clk 0:32:09]} Qb4 {[%clk 0:24:23]} 25. Qh5+ {[%clk 0:28:52]} Bh6
{[%clk 0:24:37]} 26. Rxe5 {[%clk 0:29:08]} Rxe5 {[%clk 0:24:52]} 27. Qg6
{[%clk 0:29:27]} Re2+ {[%clk 0:25:08]} 28. Kh1 {[%clk 0:29:25]} Rxc2
{[%clk 0:25:37]} 29. Qxc2 {[%clk 0:29:53]} Rf8 {[%clk 0:25:29]} 30. Rxf8+
{[%clk 0:28:44]} Qxf8 {[%clk 0:25:57]} 31. Kg2 {[%clk 0:29:08]} Qf6
{[%clk 0:25:57]} 32. Qe2 {[%clk 0:29:04]} Qd4 {[%clk 0:26:08]} 33. Kf3
{[%clk 0:29:02]} Qf6+ {[%clk 0:17:10]} 34. Kg2 {[%clk 0:29:13]} Kh7
{[%clk 0:17:07]} 35. h4 {[%clk 0:29:15]} Qd4 {[%clk 0:17:16]} 36. Kf3
{[%clk 0:29:31]} b5 {[%clk 0:15:57]} 37. cxb5 {[%clk 0:28:11]} Qxd5+
{[%clk 0:16:00]} 38. Qe4+ {[%clk 0:28:40]} Qxe4+ {[%clk 0:16:29]} 39. Kxe4
{[%clk 0:28:44]} axb5 {[%clk 0:16:58]} 40. Kd5 {[%clk 0:56:07]} Be3
{[%clk 0:46:27]} 41. Kc6 {[%clk 0:56:33]} Bf2 {[%clk 0:46:47]} 42. g4
{[%clk 0:52:35]} b4 {[%clk 0:46:42]} 43. Kxc7 {[%clk 0:52:50]} Bxh4
{[%clk 0:47:06]} 44. Kd6 {[%clk 0:52:34]} Kg6 {[%clk 0:47:30]} 45. Ke6
{[%clk 0:52:24]} Bf6 {[%clk 0:47:50]} 0-1

[Event "WCO 2016"]
[Site "?"]
[Date "2016.09.13"]
[Round "11"]
[Board "19"]
[WhiteID "6700160"]
[White "Chavez Hector Eduardo"]
[BlackID "8500258"]
[Black "Adu Oladapo"]
[Result "0-1"]
[BlackElo "2334"]
[WhiteElo "2077"]
[LiveChessVersion "1.4.8"]

1. e4 {[%clk 1:30:57]} d6 {[%clk 1:30:53]} 2. d4 {[%clk 1:31:21]} g6
{[%clk 1:31:17]} 3. Be3 {[%clk 1:31:36]} Bg7 {[%clk 1:31:41]} 4. Nc3
{[%clk 1:31:38]} a6 {[%clk 1:32:03]} 5. Qd2 {[%clk 1:31:37]} b5 {[%clk 1:32:25]}
6. Bd3 {[%clk 1:31:53]} Nd7 {[%clk 1:32:43]} 7. Nf3 {[%clk 1:29:35]} c5
{[%clk 1:32:54]} 8. a3 {[%clk 1:17:02]} Bb7 {[%clk 1:32:39]} 9. O-O
{[%clk 1:16:16]} cxd4 {[%clk 1:32:46]} 10. Nxd4 {[%clk 1:16:10]} Ngf6
{[%clk 1:33:11]} 11. f3 {[%clk 1:00:49]} O-O {[%clk 1:33:16]} 12. Kh1
{[%clk 0:57:26]} Qc7 {[%clk 1:32:48]} 13. Bh6 {[%clk 0:56:58]} Rac8
{[%clk 1:32:12]} 14. Bxg7 {[%clk 0:53:16]} Kxg7 {[%clk 1:32:37]} 15. Rae1
{[%clk 0:49:53]} Qb6 {[%clk 1:30:26]} 16. Nce2 {[%clk 0:45:47]} e5
{[%clk 1:26:54]} 17. Nb3 {[%clk 0:43:07]} d5 {[%clk 1:26:56]} 18. Ng3
{[%clk 0:42:55]} Qd6 {[%clk 1:24:14]} 19. Qg5 {[%clk 0:40:21]} Kh8
{[%clk 1:24:41]} 20. Re2 {[%clk 0:19:55]} Rce8 {[%clk 1:21:05]} 21. Ref2
{[%clk 0:15:21]} Re6 {[%clk 1:16:20]} 22. c3 {[%clk 0:12:08]} dxe4
{[%clk 1:07:32]} 23. Bxe4 {[%clk 0:12:11]} Bc8 {[%clk 0:58:58]} 24. Bc2
{[%clk 0:11:11]} Ng8 {[%clk 0:55:38]} 25. Rd2 {[%clk 0:09:34]} Qc7
{[%clk 0:55:56]} 26. Rfd1 {[%clk 0:08:43]} f5 {[%clk 0:56:05]} 27. Nxf5
{[%clk 0:01:17]} gxf5 {[%clk 0:54:45]} 28. Bxf5 {[%clk 0:01:37]} Re7
{[%clk 0:54:22]} 29. Rd6 {[%clk 0:01:32]} Ndf6 {[%clk 0:52:51]} 30. Bc2
{[%clk 0:01:03]} Rg7 {[%clk 0:50:02]} 31. Qxe5 {[%clk 0:01:20]} Re8
{[%clk 0:48:36]} 32. Qc5 {[%clk 0:01:23]} Qxc5 {[%clk 0:48:12]} 33. Nxc5
{[%clk 0:01:51]} Re2 {[%clk 0:48:39]} 34. Bb3 {[%clk 0:00:49]} Rgxg2
{[%clk 0:48:09]} 35. Rxf6 {[%clk 0:00:54]} Rxh2+ {[%clk 0:48:21]} 36. Kg1
{[%clk 0:01:21]} Reg2+ {[%clk 0:48:39]} 37. Kf1 {[%clk 0:01:50]} Bh3
{[%clk 0:48:52]} 0-1

[Event "WCO 2016"]
[Site "?"]
[Date "2016.09.13"]
[Round "11"]
[Board "20"]
[WhiteID "8501238"]
[White "Adesina Adeyinka"]
[BlackID "6701183"]
[Black "Hernandez Mauricio Daniel"]
[Result "1-0"]
[BlackElo "2027"]
[WhiteElo "2259"]
[LiveChessVersion "1.4.8"]

1. Nf3 {[%clk 1:30:56]} d5 {[%clk 1:30:49]} 2. d4 {[%clk 1:31:22]} Nf6
{[%clk 1:31:13]} 3. c4 {[%clk 1:31:45]} c6 {[%clk 1:31:39]} 4. Nc3
{[%clk 1:32:01]} dxc4 {[%clk 1:32:02]} 5. a4 {[%clk 1:32:20]} Bf5
{[%clk 1:32:27]} 6. g3 {[%clk 1:29:11]} e6 {[%clk 1:23:22]} 7. Bg2
{[%clk 1:28:53]} Nbd7 {[%clk 1:22:13]} 8. Nd2 {[%clk 1:26:37]} Bb4
{[%clk 1:12:09]} 9. O-O {[%clk 1:16:17]} Nb6 {[%clk 1:05:49]} 10. a5
{[%clk 1:06:39]} Nbd5 {[%clk 1:05:42]} 11. e4 {[%clk 0:55:48]} Nxc3
{[%clk 1:04:45]} 12. bxc3 {[%clk 0:54:50]} Bxc3 {[%clk 1:05:01]} 13. Ba3
{[%clk 0:54:53]} Bg4 {[%clk 1:03:59]} 14. Qc2 {[%clk 0:44:29]} Qxd4
{[%clk 0:54:19]} 15. Nxc4 {[%clk 0:40:05]} Qxc4 {[%clk 0:47:04]} 16. Rfc1
{[%clk 0:38:15]} Be2 {[%clk 0:43:43]} 17. Qxc3 {[%clk 0:38:23]} Qxc3
{[%clk 0:44:04]} 18. Rxc3 {[%clk 0:38:52]} O-O-O {[%clk 0:44:06]} 19. Bc5
{[%clk 0:35:33]} Kb8 {[%clk 0:38:10]} 20. e5 {[%clk 0:35:19]} Nd5
{[%clk 0:36:18]} 21. Rc2 {[%clk 0:35:01]} Bb5 {[%clk 0:29:56]} 22. Bd6+
{[%clk 0:34:46]} Kc8 {[%clk 0:29:05]} 23. h4 {[%clk 0:33:57]} f6 {[%clk 0:26:39]}
24. Bh3 {[%clk 0:33:49]} Rxd6 {[%clk 0:14:17]} 25. exd6 {[%clk 0:34:17]} Kd7
{[%clk 0:14:40]} 26. f4 {[%clk 0:27:20]} Kxd6 {[%clk 0:08:28]} 27. Rd2
{[%clk 0:25:45]} f5 {[%clk 0:08:22]} 28. Kf2 {[%clk 0:24:14]} g6 {[%clk 0:04:36]}
29. Bg2 {[%clk 0:24:41]} h5 {[%clk 0:03:50]} 30. Re1 {[%clk 0:19:40]} Rc8
{[%clk 0:03:22]} 31. Rb1 {[%clk 0:19:18]} Rc7 {[%clk 0:03:09]} 32. Rb3
{[%clk 0:18:57]} Bc4 {[%clk 0:02:53]} 33. Rb1 {[%clk 0:17:49]} Ke7
{[%clk 0:01:53]} 34. Rc1 {[%clk 0:17:10]} b5 {[%clk 0:00:37]} 35. axb6
{[%clk 0:17:26]} Nxb6 {[%clk 0:01:02]} 36. Rdc2 1-0

[Event "WCO 2016"]
[Site "?"]
[Date "2016.09.13"]
[Round "11"]
[Board "17"]
[WhiteID "21500150"]
[White "Al Ghamdi Ahmed M"]
[BlackID "12200085"]
[Black "Nadir Samir"]
[Result "1/2-1/2"]
[BlackElo "2199"]
[WhiteElo "2192"]
[LiveChessVersion "1.4.8"]

1. e4 {[%clk 1:30:52]} d6 {[%clk 1:30:37]} 2. d4 {[%clk 1:31:13]} Nf6
{[%clk 1:30:57]} 3. Nc3 {[%clk 1:31:22]} Nbd7 {[%clk 1:30:02]} 4. Nf3
{[%clk 1:29:09]} e5 {[%clk 1:29:08]} 5. Bc4 {[%clk 1:28:18]} h6 {[%clk 1:28:48]}
6. O-O {[%clk 1:20:19]} Be7 {[%clk 1:29:00]} 7. a4 {[%clk 1:19:52]} c6
{[%clk 1:28:20]} 8. a5 {[%clk 1:20:01]} Qc7 {[%clk 1:28:20]} 9. Qe2
{[%clk 1:18:55]} g5 {[%clk 1:21:59]} 10. Rd1 {[%clk 1:13:25]} Nf8
{[%clk 1:21:35]} 11. Be3 {[%clk 1:09:32]} Ng6 {[%clk 1:20:43]} 12. dxe5
{[%clk 1:07:37]} dxe5 {[%clk 1:20:29]} 13. Qd2 {[%clk 1:07:40]} Bg4
{[%clk 1:07:59]} 14. Be2 {[%clk 1:01:04]} O-O {[%clk 0:50:43]} 15. h3
{[%clk 1:00:08]} Be6 {[%clk 0:45:32]} 16. Nh2 {[%clk 0:55:03]} Bb4
{[%clk 0:43:22]} 17. Nb5 {[%clk 0:48:32]} Qe7 {[%clk 0:38:37]} 18. c3
{[%clk 0:48:54]} Bb3 {[%clk 0:33:36]} 19. cxb4 {[%clk 0:48:05]} Rfd8
{[%clk 0:27:17]} 20. Bc5 {[%clk 0:41:10]} Rxd2 {[%clk 0:24:50]} 21. Rxd2
{[%clk 0:41:38]} Qe8 {[%clk 0:07:52]} 22. Nc7 {[%clk 0:36:55]} Qc8
{[%clk 0:08:15]} 23. Nxa8 {[%clk 0:36:51]} Nxe4 {[%clk 0:08:24]} 24. Rd3
{[%clk 0:33:29]} Bc2 {[%clk 0:06:52]} 25. Bxa7 {[%clk 0:32:01]} Bxd3
{[%clk 0:04:42]} 26. Nb6 {[%clk 0:22:20]} Qf5 {[%clk 0:05:02]} 27. Ng4
{[%clk 0:21:56]} Kg7 {[%clk 0:02:11]} 28. Bxd3 {[%clk 0:21:46]} h5
{[%clk 0:02:31]} 29. Re1 {[%clk 0:19:17]} hxg4 {[%clk 0:02:01]} 30. Bxe4
{[%clk 0:19:38]} Qf4 {[%clk 0:01:52]} 31. Nc4 {[%clk 0:15:26]} gxh3
{[%clk 0:01:38]} 32. g3 {[%clk 0:15:03]} Qg4 {[%clk 0:01:34]} 33. Kh2
{[%clk 0:14:18]} Qe6 {[%clk 0:01:12]} 34. Ne3 {[%clk 0:10:09]} Qb3
{[%clk 0:00:56]} 35. Nf5+ {[%clk 0:10:29]} Kf6 {[%clk 0:00:59]} 36. Bc5
{[%clk 0:06:22]} Qxb2 {[%clk 0:01:14]} 37. Rd1 {[%clk 0:05:37]} g4
{[%clk 0:01:05]} 38. Rd6+ {[%clk 0:05:57]} Kg5 {[%clk 0:01:11]} 39. Be3+
{[%clk 0:06:21]} Nf4 {[%clk 0:01:20]} 40. gxf4+ {[%clk 0:34:28]} exf4
{[%clk 0:31:32]} 41. Bd4 {[%clk 0:21:10]} Qe2 {[%clk 0:26:37]} 42. Bf6+
{[%clk 0:19:42]} Kh5 {[%clk 0:26:40]} 43. Ng7+ {[%clk 0:18:57]} Kh6
{[%clk 0:26:38]} 44. Bd4+ {[%clk 0:17:07]} Kg5 {[%clk 0:21:26]} 45. Bf6+
{[%clk 0:10:42]} Kh6 {[%clk 0:21:45]} 46. Bd4+ {[%clk 0:03:52]} Kg5
{[%clk 0:20:12]} 1/2-1/2

[Event "WCO 2016"]
[Site "?"]
[Date "2016.09.13"]
[Round "11"]
[Board "18"]
[WhiteID "12200875"]
[White "Tagelsir Abubaker"]
[BlackID "21501564"]
[Black "Masrhi Abdulrahman A"]
[Result "1-0"]
[BlackElo "1900"]
[WhiteElo "2216"]
[LiveChessVersion "1.4.8"]

1. e4 {[%clk 1:30:44]} e5 {[%clk 1:30:54]} 2. Nf3 {[%clk 1:30:56]} Nc6
{[%clk 1:31:17]} 3. d4 {[%clk 1:31:22]} exd4 {[%clk 1:31:41]} 4. Nxd4
{[%clk 1:31:47]} Bc5 {[%clk 1:31:52]} 5. Nb3 {[%clk 1:32:06]} Bb6
{[%clk 1:32:02]} 6. Nc3 {[%clk 1:32:31]} Nf6 {[%clk 1:32:06]} 7. Qe2
{[%clk 1:32:41]} O-O {[%clk 1:28:05]} 8. Bg5 {[%clk 1:33:05]} h6 {[%clk 1:28:24]}
9. Bh4 {[%clk 1:33:31]} Nd4 {[%clk 1:20:30]} 10. Qd2 {[%clk 1:28:56]} Nxb3
{[%clk 1:19:29]} 11. axb3 {[%clk 1:29:16]} Nxe4 {[%clk 1:11:17]} 12. Bxd8
{[%clk 1:19:35]} Nxd2 {[%clk 1:11:28]} 13. Kxd2 {[%clk 1:19:58]} Rxd8
{[%clk 1:11:39]} 14. Nd5 {[%clk 1:20:20]} Bxf2 {[%clk 1:09:03]} 15. Nxc7
{[%clk 1:19:08]} Rb8 {[%clk 1:07:49]} 16. Bd3 {[%clk 1:17:02]} d5
{[%clk 1:06:18]} 17. Rhf1 {[%clk 1:14:29]} Bb6 {[%clk 1:02:37]} 18. Nb5
{[%clk 1:14:01]} a6 {[%clk 1:02:53]} 19. Nc3 {[%clk 1:14:18]} Be6
{[%clk 1:00:13]} 20. b4 {[%clk 1:11:48]} Re8 {[%clk 0:54:31]} 21. b5
{[%clk 1:06:10]} Bd8 {[%clk 0:47:40]} 22. Ne2 {[%clk 1:02:59]} Bg5+
{[%clk 0:44:34]} 23. Kd1 {[%clk 1:03:02]} Bg4 {[%clk 0:41:18]} 24. h3
{[%clk 1:01:34]} Bd7 {[%clk 0:41:19]} 25. bxa6 {[%clk 0:51:21]} bxa6
{[%clk 0:40:36]} 26. b3 {[%clk 0:51:46]} Rb6 {[%clk 0:30:50]} 27. Nc3
{[%clk 0:50:12]} Bc6 {[%clk 0:23:15]} 28. Na4 {[%clk 0:39:41]} Rb4
{[%clk 0:21:28]} 29. Nc5 {[%clk 0:32:02]} Bb5 {[%clk 0:18:27]} 30. Bxb5
{[%clk 0:26:33]} Rxb5 {[%clk 0:18:15]} 31. Nxa6 {[%clk 0:26:05]} Ra8
{[%clk 0:17:20]} 32. Ra4 {[%clk 0:26:21]} Rb6 {[%clk 0:08:01]} 33. Nc5
{[%clk 0:26:15]} Rxa4 {[%clk 0:08:18]} 34. Nxa4 {[%clk 0:26:39]} Ra6
{[%clk 0:07:56]} 35. Rf5 {[%clk 0:26:48]} d4 {[%clk 0:08:00]} 36. Rd5
{[%clk 0:24:43]} Bf6 {[%clk 0:07:54]} 37. Kd2 {[%clk 0:24:45]} Kf8
{[%clk 0:07:31]} 38. Nc5 {[%clk 0:24:58]} Rc6 {[%clk 0:07:21]} 39. Nd7+
{[%clk 0:25:21]} Ke7 {[%clk 0:06:39]} 40. Nxf6 {[%clk 0:55:42]} Rxf6
{[%clk 0:36:59]} 41. Rxd4 {[%clk 0:53:51]} Rf2+ {[%clk 0:37:18]} 42. Kd3
{[%clk 0:54:16]} Rxg2 {[%clk 0:37:43]} 43. b4 {[%clk 0:54:39]} Rg3+
{[%clk 0:33:22]} 44. Kc4 {[%clk 0:54:53]} Rxh3 {[%clk 0:33:38]} 45. b5
{[%clk 0:55:10]} Rh1 {[%clk 0:33:46]} 46. Kc5 {[%clk 0:51:42]} h5
{[%clk 0:30:56]} 47. b6 {[%clk 0:52:03]} Rb1 {[%clk 0:30:08]} 48. Kc6
{[%clk 0:52:26]} Rb2 {[%clk 0:30:20]} 49. b7 {[%clk 0:52:36]} Rxc2+
{[%clk 0:30:20]} 50. Kb5 {[%clk 0:53:00]} 1-0